| 000 | 00887cam a2200229 a 4500 | ||
|---|---|---|---|
| 020 | _a0070415978 (alk. paper) | ||
| 082 | 0 | 0 |
_a624 _bSTA _cL-39,P-181 |
| 245 | 0 | 0 |
_aStandard handbook for civil engineers / _cFrederick S. Merritt, editor, M. Kent Loftin, editor, Jonathan T. Ricketts, editor. |
| 250 | _a4th ed. | ||
| 260 |
_aNew York ; _bMcGraw-Hill, _cc1995. |
||
| 300 |
_a1 v. (various pagings) : _bill. ; _c25 cm. |
||
| 526 |
_a0 _b0 _c0 _d624_000000000000000_STA |
||
| 650 | 0 | _aCivil engineering | |
| 650 | 0 |
_aNUST _96342 |
|
| 700 | 1 |
_aLoftin, M. Kent. _942295 |
|
| 700 | 1 |
_aMerritt, Frederick S. _926167 |
|
| 700 | 1 |
_aRicketts, Jonathan T. _942296 |
|
| 856 | 4 | 1 | _uhttp://www.loc.gov/catdir/toc/mh022/95011425.html |
| 856 | 4 | 2 | _uhttp://www.loc.gov/catdir/description/mh022/95011425.html |
| 856 | 4 | 2 | _uhttp://www.loc.gov/catdir/enhancements/fy0602/95011425-b.html |
| 942 |
_2ddc _cBK |
||
| 999 |
_c550664 _d550664 |
||